000 00358cam a22001217a 4500
008 180718b1992 xxu||||| |||| 00| 0 eng d
082 _aQ8 B469
100 _aBhandari, D.R.
245 _aProblem of crime punishment and justice
_cby D.R. Bhandari
260 _aJodhpur
_bBooks Treasure
_c1992
300 _a225p.
650 _aCriminal justice, Administration of
999 _c339737
_d339737